Statistical thermodynamics of sorption in molecular sieves /
Guardado en:
| Otros Autores: | |
|---|---|
| Formato: | Manuscrito |
| Idioma: | English |
| Publicado: |
1979.
|
| Materias: | |
| Etiquetas: |
Agregar Etiqueta
Sin Etiquetas, Sea el primero en etiquetar este registro!
|
| LEADER | 00929ntm a22002535a 4500 | ||
|---|---|---|---|
| 001 | EIQ.libpla002703 | ||
| 008 | 070724s1979####paua#####bm###000#0#eng#d | ||
| 005 | 20070724155657.0 | ||
| 245 | 0 | 2 | |a Statistical thermodynamics of sorption in molecular sieves / |c by Jorge Luis Soto. |
| 260 | |c 1979. | ||
| 300 | |a xxxi, 170 h. : |b il., tablas, figuras ; |c 30 cm. | ||
| 502 | |a Tesis (doctorado)--University of Pennsylvania, 1979. | ||
| 500 | |a Director de tesis: Dr. Alan L. Myers. | ||
| 504 | |a Incluye referencias bibliográficas. | ||
| 100 | 1 | |a Soto, Jorge Luis. |4 dis | |
| 710 | 2 | |a University of Pennsylvania |4 dgg. | |
| 650 | 4 | |a Procesos |x Tesis. | |
| 650 | 4 | |a Procesos |x Termodinámica. | |
| 650 | 4 | |a Procesos |x Tamices moleculares. | |
| 650 | 4 | |a Processes |x Thesis. | |
| 650 | 4 | |a Processes |x Thermodynamics. | |
| 650 | 4 | |a Processes |x Molecular sieves. | |
| 040 | |a AR-BbSID |b spa |c AR-BbSID | ||
| 859 | |a AR-BbSID |b BIB. PLAPIQUI |h 533.1 |i So 78 |p 2898 | ||
